000
00269nam a2200109Ia 4500
008
190914s9999||||xx |||||||||||||| ||und||
100
_a
James A.Hall
245
0
_a
Accounting Information Systems
260
_a
New Delhi
_b
McGraw Hill
_c
1996
300
_a
337
942
_c
BK
999
_c
8379
_d
8379